[Event "EU-Cup 38th"]
[Site "Durres"]
[Date "2023.10.04"]
[Round "4.6"]
[White "Petersson, Kjell"]
[Black "Quaranta, Cristiano"]
[Result "0-1"]
[WhiteElo "2040"]
[BlackElo "2079"]
[PlyCount "64"]
[EventDate "2023.10.01"]
[EventType "team-swiss"]
[EventRounds "7"]
[EventCountry "ALB"]
[SourceTitle "EXT 2024"]
[Source "ChessBase"]
[SourceDate "2023.10.10"]
[SourceVersion "1"]
[SourceVersionDate "2023.10.10"]
[SourceQuality "1"]
[WhiteTeam "Lunds"]
[BlackTeam "Padova Obiettivo"]
[WhiteTeamCountry "SWE"]
[BlackTeamCountry "ITA"]

1. d4 d5 2. Bf4 c5 3. e3 cxd4 4. exd4 Nc6 5. c3 Bf5 6. Nf3 e6 7. Qb3 Qd7 8. Bb5 f6 9. 0-0 g5 10. Be3 a6 11. Be2 Bd6 12. Nbd2 Nge7 13. c4 h5 14. cxd5 exd5 15. Ne1 Qc7 16. f4 gxf4 17. Bf2 h4 18. h3 0-0-0 19. Ndf3 Rdg8 20. Nxh4 Be6 21. Bg4 Bxg4 22. hxg4 Qd7 23. Qh3 Rxg4 24. Nef3 Ng6 25. Qh2 Nxh4 26. Bxh4 Nxd4 27. Rac1+ Kb8 28. Qh3 Nxf3+ 29. Qxf3 Rgxh4 30. Qxd5 f3 31. Qxf3 Bh2+ 32. Kf2 Qd2+ 0-1

[Event "Forni di Sopra op 14th"]
[Site "Forni di Sopra"]
[Date "2023.06.17"]
[Round "9"]
[White "Narr, Kevin"]
[Black "Quaranta, Cristiano"]
[Result "1/2-1/2"]
[WhiteElo "2054"]
[BlackElo "2119"]
[PlyCount "121"]
[EventDate "2023.06.10"]
[EventType "swiss"]
[EventRounds "9"]
[EventCountry "ITA"]
[SourceTitle "CBM 214 Extra"]
[Source "ChessBase"]
[SourceDate "2023.07.31"]
[SourceVersion "1"]
[SourceVersionDate "2023.07.31"]
[SourceQuality "1"]

1. Nf3 e6 2. d4 Nf6 3. Bf4 c5 4. e3 cxd4 5. exd4 Be7 6. Nbd2 0-0 7. Bd3 b6 8. 0-0 Ba6 9. Bxa6 Nxa6 10. Qe2 Nc7 11. h3 d6 12. a4 Ncd5 13. Bh2 Qd7 14. c3 a6 15. Rfc1 b5 16. b3 b4 17. c4 Nc3 18. Qd3 Qb7 19. Re1 Rfd8 20. Qe3 Rac8 21. Bf4 Qa7 22. g4 d5 23. c5 Nfe4 24. Nxe4 dxe4 25. Nd2 Bxc5 26. dxc5 Rd3 27. Nxe4 Rxe3 28. Rxe3 Nxe4 29. Rxe4 Qxc5 30. Rc1 Qxc1+ 31. Bxc1 Rxc1+ 32. Kg2 a5 33. Re5 Rc3 34. Rxa5 Kf8 35. Rb5 Rxb3 36. a5 Ra3 37. f3 f6 38. h4 b3 39. Kg3 e5 40. a6 Rxa6 41. Rxb3 Re6 42. Rb4 g6 43. Ra4 Kf7 44. Kf2 h5 45. gxh5 gxh5 46. Ke3 Rb6 47. Kf2 Ke6 48. Kg3 Kf5 49. Rc4 Ra6 50. Rb4 Ke6 51. Rb8 Ra3 52. Rb6+ Kf5 53. Rb4 Kg6 54. Kg2 Rd3 55. Rb5 Rd2+ 56. Kg3 Re2 57. Rb4 f5 58. Rb6+ Kf7 59. Rh6 f4+ 60. Kh3 Rf2 61. Rf6+ 1/2-1/2

[Event "Forni di Sopra op 14th"]
[Site "Forni di Sopra"]
[Date "2023.06.14"]
[Round "6"]
[White "Quaranta, Cristiano"]
[Black "Siegel, Adam"]
[Result "1/2-1/2"]
[WhiteElo "2119"]
[BlackElo "1962"]
[PlyCount "47"]
[EventDate "2023.06.10"]
[EventType "swiss"]
[EventRounds "9"]
[EventCountry "ITA"]
[SourceTitle "CBM 214 Extra"]
[Source "ChessBase"]
[SourceDate "2023.07.31"]
[SourceVersion "1"]
[SourceVersionDate "2023.07.31"]
[SourceQuality "1"]

1. d4 Nf6 2. c4 e6 3. Nf3 c5 4. e3 cxd4 5. exd4 d5 6. Nc3 Be7 7. c5 b6 8. b4 a5 9. Qa4+ Bd7 10. Bb5 0-0 11. a3 Bxb5 12. Nxb5 Ra6 13. Qc2 Qd7 14. a4 axb4 15. Ne5 Qc8 16. Be3 bxc5 17. dxc5 Nc6 18. Nd3 e5 19. 0-0 d4 20. Bd2 Nd5 21. Qc4 Nc3 22. Nxb4 Nxb4 23. Bxc3 dxc3 24. Qxb4 1/2-1/2

[Event "Robecchetto op 33rd"]
[Site "Robecchetto"]
[Date "2021.12.28"]
[Round "4"]
[White "Quaranta, Cristiano"]
[Black "Sala, Giulia"]
[Result "1-0"]
[WhiteElo "2062"]
[BlackElo "2028"]
[PlyCount "81"]
[EventDate "2021.12.26"]
[EventType "swiss"]
[EventRounds "7"]
[EventCountry "ITA"]
[SourceTitle "EXT 2023"]
[Source "ChessBase"]
[SourceDate "2022.10.05"]
[SourceVersion "1"]
[SourceVersionDate "2022.10.05"]
[SourceQuality "1"]

1. b3 e5 2. Bb2 Nc6 3. c4 g6 4. e3 Bg7 5. Nc3 Nf6 6. Nf3 d6 7. d3 0-0 8. Be2 Nd7 9. d4 f5 10. dxe5 dxe5 11. h4 h6 12. Qd5+ Kh8 13. 0-0-0 Qe8 14. Qd2 Nc5 15. Ba3 Qe7 16. Kc2 b6 17. Nd5 Qf7 18. b4 Ne4 19. Qe1 Rd8 20. b5 Na5 21. Bb2 Re8 22. Nd2 Nd6 23. Bc3 Nxb5 24. cxb5 Qxd5 25. Nb3 Qe4+ 26. Kb2 Nb7 27. Bf3 Qa4 28. Bc6 Re7 29. Bb4 Rf7 30. Qd2 a6 31. Qd5 Qxb4 32. Qxf7 e4+ 33. Kb1 Qc3 34. Nd4 Nc5 35. Bxa8 Be6 36. Qe8+ Kh7 37. h5 Qb4+ 38. Nb3 g5 39. Qg6+ Kh8 40. Rd8+ Bg8 41. Bd5 1-0

[Event "Robecchetto op 33rd"]
[Site "Robecchetto"]
[Date "2021.12.26"]
[Round "1"]
[White "Quaranta, Cristiano"]
[Black "Podini, Francesco"]
[Result "1/2-1/2"]
[WhiteElo "2062"]
[BlackElo "1924"]
[PlyCount "48"]
[EventDate "2021.12.26"]
[EventType "swiss"]
[EventRounds "7"]
[EventCountry "ITA"]
[SourceTitle "EXT 2023"]
[Source "ChessBase"]
[SourceDate "2022.10.05"]
[SourceVersion "1"]
[SourceVersionDate "2022.10.05"]
[SourceQuality "1"]

1. e4 c5 2. Nc3 Nc6 3. Bb5 Nd4 4. Nf3 e6 5. 0-0 a6 6. Be2 b5 7. d3 Ne7 8. Nxd4 cxd4 9. Nb1 d5 10. e5 Qc7 11. f4 Bb7 12. Nd2 Nf5 13. Nf3 h5 14. Bd2 Qb6 15. g3 b4 16. Qe1 Bc5 17. Rd1 Rc8 18. Kh1 g6 19. Rg1 Be7 20. Rc1 Kf8 21. Bf1 Bc5 22. Rd1 Be7 23. Rc1 Bc5 24. Rd1 Be7 1/2-1/2

[Event "Lugano Paradiso op"]
[Site "Lugano"]
[Date "2021.09.04"]
[Round "2"]
[White "Cernov, Henrik"]
[Black "Quaranta, Cristiano"]
[Result "1/2-1/2"]
[WhiteElo "1872"]
[BlackElo "2059"]
[PlyCount "24"]
[EventDate "2021.09.03"]
[EventType "swiss"]
[EventRounds "5"]
[EventCountry "SUI"]
[SourceTitle "EXT 2022"]
[Source "ChessBase"]
[SourceDate "2021.10.06"]
[SourceVersion "1"]
[SourceVersionDate "2021.10.06"]
[SourceQuality "1"]

1. e4 c5 2. c3 Nf6 3. e5 Nd5 4. d4 cxd4 5. Nf3 d6 6. cxd4 Nc6 7. exd6 e6 8. Nc3 Qxd6 9. Bc4 Be7 10. 0-0 Nxc3 11. bxc3 0-0 12. Qe2 b6 1/2-1/2

[Event "Nova Gorica op 24th"]
[Site "Nova Gorica"]
[Date "2019.01.31"]
[Round "9"]
[White "Quaranta, Cristiano"]
[Black "Acimovic, Sergej"]
[Result "1/2-1/2"]
[WhiteElo "2149"]
[BlackElo "1965"]
[PlyCount "120"]
[EventDate "2019.01.25"]
[EventType "swiss"]
[EventRounds "9"]
[EventCountry "SLO"]
[SourceTitle "CBM 188 Extra"]
[Source "ChessBase"]
[SourceDate "2019.02.26"]
[SourceVersion "1"]
[SourceVersionDate "2019.02.26"]
[SourceQuality "1"]

1. b3 Nf6 2. Bb2 g6 3. Bxf6 exf6 4. c4 Bg7 5. Nc3 0-0 6. g3 Nc6 7. Bg2 d6 8. Nf3 Bf5 9. 0-0 Qd7 10. Re1 Bh3 11. Bh1 f5 12. Nd5 f4 13. Nxf4 Bxa1 14. Qxa1 f6 15. Nxh3 Qxh3 16. Nd4 Nxd4 17. Qxd4 c6 18. Qxd6 Rad8 19. Qb4 Rd7 20. e3 Qf5 21. d4 Qc2 22. d5 Qxa2 23. dxc6 bxc6 24. Bxc6 Qd2 25. Qxd2 Rxd2 26. Bd5+ Kh8 27. e4 Rc8 28. Rc1 Rc7 29. Kf1 Kg7 30. Rb1 Kh6 31. b4 Kg5 32. b5 f5 33. e5 f4 34. Kg2 fxg3 35. hxg3 Re2 36. Kf1 Rc2 37. Ra1 Kf5 38. e6 Kf6 39. Ra6 Rb2 40. Kg2 Rb1 41. Kf3 Rb2 42. Ke3 g5 43. f3 h5 44. Ra1 Rh2 45. Kd4 Rd2+ 46. Ke4 Re2+ 47. Kd3 Rg2 48. Kc3 Rxg3 49. Kb4 Rg2 50. f4 Rg4 51. fxg5+ Rxg5 52. Rd1 Ke7 53. c5 Rg4+ 54. Bc4 h4 55. Rd5 Kxe6 56. Rg5+ Rxc4+ 57. Kxc4 Rh7 58. Rg6+ Kf5 59. Rg1 Ke6 60. Rg6+ Kf5 1/2-1/2

[Event "Nova Gorica op 24th"]
[Site "Nova Gorica"]
[Date "2019.01.29"]
[Round "7"]
[White "Quaranta, Cristiano"]
[Black "Marchesich, Giovanni"]
[Result "1-0"]
[WhiteElo "2149"]
[BlackElo "2008"]
[PlyCount "28"]
[EventDate "2019.01.25"]
[EventType "swiss"]
[EventRounds "9"]
[EventCountry "SLO"]
[SourceTitle "CBM 188 Extra"]
[Source "ChessBase"]
[SourceDate "2019.02.26"]
[SourceVersion "1"]
[SourceVersionDate "2019.02.26"]
[SourceQuality "1"]

1. b3 a5 2. e4 e6 3. Nf3 d5 4. e5 c5 5. Nc3 Nc6 6. Bb2 f6 7. Nb5 d4 8. exf6 Nxf6 9. Bc4 Be7 10. 0-0 e5 11. Ng5 Rf8 12. Nxh7 Rh8 13. Ng5 Rh5 14. Bf7+ Kf8 1-0

[Event "Nova Gorica op 24th"]
[Site "Nova Gorica"]
[Date "2019.01.26"]
[Round "3"]
[White "Quaranta, Cristiano"]
[Black "Brank, Ziga"]
[Result "1-0"]
[WhiteElo "2149"]
[BlackElo "1748"]
[PlyCount "45"]
[EventDate "2019.01.25"]
[EventType "swiss"]
[EventRounds "9"]
[EventCountry "SLO"]
[SourceTitle "CBM 188 Extra"]
[Source "ChessBase"]
[SourceDate "2019.02.26"]
[SourceVersion "1"]
[SourceVersionDate "2019.02.26"]
[SourceQuality "1"]

1. Nf3 d5 2. c4 e6 3. e3 Nf6 4. b3 Nbd7 5. Bb2 c6 6. Nc3 Be7 7. d4 a6 8. Bd3 b6 9. 0-0 Bb7 10. Qe2 0-0 11. Ne5 Nxe5 12. dxe5 Nd7 13. f4 f5 14. exf6 Bxf6 15. e4 d4 16. e5 dxc3 17. Bxc3 Be7 18. Qh5 Nf6 19. Qh3 Bc5+ 20. Kh1 g6 21. exf6 Qe8 22. Rae1 Bc8 23. f5 1-0

[Event "Biella op-A 9th"]
[Site "Biella"]
[Date "2018.09.30"]
[Round "4.11"]
[White "Quaranta, Cristiano"]
[Black "Drago, Paolo"]
[Result "1/2-1/2"]
[WhiteElo "2062"]
[BlackElo "2089"]
[PlyCount "90"]
[EventDate "2018.09.28"]
[EventType "swiss"]
[EventRounds "5"]
[EventCountry "ITA"]
[SourceTitle "EXT 2024"]
[Source "ChessBase"]
[SourceDate "2023.10.10"]
[SourceVersion "1"]
[SourceVersionDate "2023.10.10"]
[SourceQuality "1"]

1. c4 e6 2. Nf3 Nf6 3. g3 d5 4. Bg2 Be7 5. 0-0 0-0 6. b3 Nbd7 7. Bb2 c6 8. Nc3 Nb6 9. d3 Re8 10. e3 Bd6 11. a4 e5 12. a5 Nbd7 13. cxd5 Nxd5 14. e4 N5f6 15. d4 exd4 16. Nxd4 Nc5 17. Qc2 Be5 18. Nf3 Bxc3 19. Qxc3 Ncxe4 20. Qc2 Bf5 21. Nh4 Bg6 22. Nxg6 hxg6 23. a6 b6 24. Rfe1 Qd2 25. Rac1 Qxc2 26. Rxc2 Nc5 27. Rxe8+ Rxe8 28. Bxc6 Re1+ 29. Kg2 Nxa6 30. Bb5 Nc5 31. b4 Nce4 32. Rc8+ Kh7 33. Bxf6 Nxf6 34. Rc7 Re4 35. Rxa7 Rxb4 36. Bc6 Rb2 37. Rxf7 Kg8 38. Rb7 Ng4 39. Bd5+ Kh7 40. Be6 Nxf2 41. Rb8 Ne4+ 42. Kg1 Nf6 43. h4 b5 44. Kf1 b4 45. g4 Rb1+ 1/2-1/2

[Event "Trieste op 20th"]
[Site "Trieste"]
[Date "2018.09.08"]
[Round "9"]
[White "Quaranta, Cristiano"]
[Black "Subelj, Jan"]
[Result "1/2-1/2"]
[WhiteElo "2062"]
[BlackElo "2315"]
[PlyCount "73"]
[EventDate "2018.09.01"]
[EventType "swiss"]
[EventRounds "9"]
[EventCountry "ITA"]
[SourceTitle "CBM 186 Extra"]
[Source "ChessBase"]
[SourceDate "2018.08.24"]
[SourceVersion "1"]
[SourceVersionDate "2018.08.24"]
[SourceQuality "1"]

1. c4 e6 2. Nf3 d5 3. g3 Nf6 4. Bg2 d4 5. 0-0 Nc6 6. e3 Be7 7. exd4 0-0 8. d3 Nxd4 9. Be3 Nxf3+ 10. Bxf3 e5 11. d4 exd4 12. Qxd4 c6 13. Qxd8 Rxd8 14. Rd1 Bg4 15. Bxg4 Nxg4 16. Nc3 Nxe3 17. fxe3 Bc5 18. Kf2 Kf8 19. Ne4 Be7 20. g4 Ke8 21. Ke2 Rxd1 22. Rxd1 Rd8 23. Rxd8+ Kxd8 24. Kd3 Kd7 25. b3 Ke6 26. Ke2 b6 27. h3 Bh4 28. Nd2 f5 29. gxf5+ Kxf5 30. Kf3 Be1 31. Ne4 Ke5 32. Ng5 h6 33. Nf7+ Ke6 34. Nd8+ Kd7 35. Nf7 Ke6 36. Nd8+ Kd7 37. Nf7 1/2-1/2

[Event "Feffernitz op 27th"]
[Site "Feffernitz"]
[Date "2018.08.21"]
[Round "4"]
[White "Quaranta, Cristiano"]
[Black "Kainz, Josef"]
[Result "1/2-1/2"]
[WhiteElo "2104"]
[BlackElo "1886"]
[PlyCount "78"]
[EventDate "2018.08.19"]
[EventType "swiss"]
[EventRounds "9"]
[EventCountry "AUT"]
[SourceTitle "CBM 186 Extra"]
[Source "ChessBase"]
[SourceDate "2018.08.24"]
[SourceVersion "1"]
[SourceVersionDate "2018.08.24"]
[SourceQuality "1"]

1. Nf3 Nf6 2. c4 g6 3. Nc3 d5 4. cxd5 Nxd5 5. Qb3 Nb6 6. d4 Bg7 7. Bf4 Be6 8. Qa3 Nc6 9. e3 a6 10. Rd1 Nd5 11. Nxd5 Qxd5 12. b3 Bg4 13. Be2 Rc8 14. h3 Bxf3 15. Bxf3 Qb5 16. Be2 Qb4+ 17. Qxb4 Nxb4 18. Rc1 Nxa2 19. Rxc7 Rxc7 20. Bxc7 Nb4 21. Kd2 Kd7 22. Bb6 Nd5 23. Bc5 Rc8 24. f4 e6 25. g3 Bf8 26. Bxf8 Rxf8 27. e4 Nb4 28. Rc1 Rc8 29. Rxc8 Kxc8 30. Kc3 Nc6 31. d5 exd5 32. exd5 Nb8 33. Kd4 Kc7 34. f5 Kd6 35. fxg6 fxg6 36. Bg4 h6 37. Bc8 Kc7 38. Be6 Kd6 39. b4 b6 1/2-1/2

[Event "Feffernitz op 27th"]
[Site "Feffernitz"]
[Date "2018.08.20"]
[Round "3"]
[White "Malakhatko, Vadim"]
[Black "Quaranta, Cristiano"]
[Result "1-0"]
[WhiteElo "2537"]
[BlackElo "2104"]
[PlyCount "45"]
[EventDate "2018.08.19"]
[EventType "swiss"]
[EventRounds "9"]
[EventCountry "AUT"]
[SourceTitle "CBM 186 Extra"]
[Source "ChessBase"]
[SourceDate "2018.08.24"]
[SourceVersion "1"]
[SourceVersionDate "2018.08.24"]
[SourceQuality "1"]

1. c4 e5 2. e3 Nf6 3. Nc3 Bb4 4. Nge2 0-0 5. a3 Bxc3 6. Nxc3 d5 7. cxd5 Nxd5 8. Qc2 Nc6 9. Be2 Nf4 10. exf4 Nd4 11. Qb1 Bf5 12. d3 Re8 13. fxe5 Rxe5 14. Be3 Nxe2 15. Kxe2 Qg5 16. Kd2 Qg6 17. g4 Bxg4 18. Rg1 Qh5 19. Rg3 Rd8 20. Qg1 Bf5 21. Rxg7+ Kh8 22. Rg5 Qh4 23. Rd1 1-0

[Event "Feffernitz op 27th"]
[Site "Feffernitz"]
[Date "2018.08.19"]
[Round "2"]
[White "Quaranta, Cristiano"]
[Black "Eder, Robert"]
[Result "1-0"]
[WhiteElo "2104"]
[BlackElo "1849"]
[PlyCount "73"]
[EventDate "2018.08.19"]
[EventType "swiss"]
[EventRounds "9"]
[EventCountry "AUT"]
[SourceTitle "CBM 186 Extra"]
[Source "ChessBase"]
[SourceDate "2018.08.24"]
[SourceVersion "1"]
[SourceVersionDate "2018.08.24"]
[SourceQuality "1"]

1. c4 Nf6 2. Nc3 g6 3. g3 Bg7 4. Bg2 d6 5. d3 0-0 6. Rb1 e5 7. b4 c6 8. e4 Be6 9. Nge2 Qd7 10. h3 Ne8 11. b5 f5 12. Qc2 Nf6 13. Ba3 Nh5 14. exf5 gxf5 15. Bf3 Nf6 16. Qb3 Rf7 17. Bg2 Nh5 18. Bf3 Nf6 19. Bg2 Nh5 20. f4 Bh6 21. Bf3 Nf6 22. Kf2 Bf8 23. Rhe1 Rg7 24. Bb2 Qf7 25. Qd1 Qg6 26. bxc6 bxc6 27. Rg1 Qe8 28. Qa4 Bd7 29. c5 Qc8 30. Nd1 Na6 31. cxd6 Nd5 32. Bxe5 Rg6 33. Qa3 Ndb4 34. Rxb4 Nxb4 35. Qxb4 Rb8 36. Qc4+ Re6 37. Nd4 1-0

[Event "Padova CIS Serie C11 49th"]
[Site "Padova"]
[Date "2017.03.26"]
[Round "4.1"]
[White "Quaranta, Cristiano"]
[Black "Mileto, Gabriele"]
[Result "1-0"]
[WhiteElo "2109"]
[BlackElo "2084"]
[PlyCount "51"]
[EventDate "2017.03.24"]
[EventType "team"]
[EventRounds "5"]
[EventCountry "ITA"]
[SourceTitle "EXT 2024"]
[Source "ChessBase"]
[SourceDate "2023.10.10"]
[SourceVersion "1"]
[SourceVersionDate "2023.10.10"]
[SourceQuality "1"]

1. c4 Nf6 2. Nc3 g6 3. e4 d6 4. d4 Bg7 5. Bd3 0-0 6. Nge2 c5 7. d5 e6 8. h3 exd5 9. cxd5 Na6 10. 0-0 Nc7 11. Ng3 Rb8 12. a4 b6 13. Bg5 h6 14. Be3 a6 15. Qd2 h5 16. Bg5 Qd7 17. f4 Nh7 18. Bh4 Bh6 19. Qe2 Bb7 20. Nxh5 gxh5 21. Qxh5 Bg7 22. e5 f5 23. exf6 Nxf6 24. Bxf6 Rxf6 25. Ne4 Rh6 26. Qxh6 1-0

[Event "Chioggia op-A 11th"]
[Site "Chioggia"]
[Date "2016.10.09"]
[Round "4"]
[White "Quaranta, Cristiano"]
[Black "Rombaldoni, Denis"]
[Result "1-0"]
[WhiteElo "2092"]
[BlackElo "2481"]
[PlyCount "120"]
[EventDate "2016.10.07"]
[EventType "swiss"]
[EventRounds "5"]
[EventCountry "ITA"]
[SourceTitle "EXT 2022"]
[Source "ChessBase"]
[SourceDate "2021.10.06"]
[SourceVersion "1"]
[SourceVersionDate "2021.10.06"]
[SourceQuality "1"]

1. e4 c5 2. Nf3 a6 3. c3 e6 4. d4 d5 5. exd5 exd5 6. Bg5 Be7 7. Bxe7 Qxe7+ 8. Be2 c4 9. 0-0 Qd6 10. Re1 Ne7 11. Nbd2 0-0 12. Nf1 Nbc6 13. Ne5 Be6 14. Nxc6 Nxc6 15. Bg4 f5 16. Bf3 f4 17. Nd2 Bf7 18. Bg4 Rae8 19. Bf5 Rxe1+ 20. Qxe1 Re8 21. Qd1 Re7 22. b3 Qf6 23. Bc2 cxb3 24. Nxb3 Qg5 25. Qd2 Bh5 26. Bd3 Bf3 27. Bf1 Re6 28. Re1 Rg6 29. g3 Kf7 30. Bd3 Rh6 31. Qxf4+ Qxf4 32. gxf4 Rh4 33. f5 b6 34. Nd2 Bg4 35. f3 Bh3 36. Kf2 Ne7 37. Re5 a5 38. Kg3 Rh6 39. f4 g6 40. fxg6+ hxg6 41. Nf3 Kf6 42. Ng5 Bd7 43. Re2 Rh8 44. Rb2 Rb8 45. Nf3 b5 46. Ne5 Be8 47. Ng4+ Kf7 48. Ne5+ Kg7 49. Kf3 Rc8 50. Bxb5 Rxc3+ 51. Kg4 Bf7 52. Bd7 Rc7 53. Kf3 Ng8 54. Bb5 Nf6 55. Ke3 Be6 56. Bd3 Bf7 57. Rg2 Rc3 58. f5 Be8 59. Nxg6 Ne4 60. Nf4+ Kf8 1-0

[Event "Chioggia op-A 11th"]
[Site "Chioggia"]
[Date "2016.10.08"]
[Round "3"]
[White "Quaranta, Cristiano"]
[Black "Litrico, Paolo"]
[Result "1-0"]
[WhiteElo "2092"]
[BlackElo "1957"]
[PlyCount "89"]
[EventDate "2016.10.07"]
[EventType "swiss"]
[EventRounds "5"]
[EventCountry "ITA"]
[SourceTitle "EXT 2022"]
[Source "ChessBase"]
[SourceDate "2021.10.06"]
[SourceVersion "1"]
[SourceVersionDate "2021.10.06"]
[SourceQuality "1"]

1. e4 e5 2. Nf3 Nc6 3. Bb5 a6 4. Ba4 Nf6 5. d3 b5 6. Bb3 Bc5 7. 0-0 0-0 8. a4 b4 9. a5 d5 10. exd5 Nxd5 11. h3 Re8 12. Re1 Bb7 13. Nbd2 Nf4 14. Ne4 Be7 15. Bxf4 exf4 16. Qd2 Bd6 17. Nfg5 Rf8 18. Qd1 h6 19. Qh5 Ne5 20. d4 Bxe4 21. dxe5 hxg5 22. Rxe4 Be7 23. Rd1 Qe8 24. Red4 c5 25. Rd7 Rd8 26. Rxd8 Bxd8 27. Rxd8 Qxd8 28. e6 Qf6 29. exf7+ Rxf7 30. Bxf7+ Qxf7 31. Qxg5 Qc7 32. Qd5+ Kh7 33. Qd3+ Kh8 34. Qxa6 Qe5 35. b3 Qb2 36. Kh2 Qa2 37. Qc8+ Kh7 38. Qf5+ Kh8 39. Qxc5 f3 40. gxf3 Qb2 41. a6 Qf6 42. Qh5+ Kg8 43. Qe8+ Kh7 44. Qe4+ Kh8 45. a7 1-0

[Event "Padova op-A 18th"]
[Site "Padova"]
[Date "2015.12.19"]
[Round "8.23"]
[White "Vatkali, Dimitra"]
[Black "Quaranta, Cristiano"]
[Result "1-0"]
[WhiteElo "1983"]
[BlackElo "2112"]
[PlyCount "143"]
[EventDate "2015.12.13"]
[EventType "swiss"]
[EventRounds "9"]
[EventCountry "ITA"]
[SourceTitle "EXT 2024"]
[Source "ChessBase"]
[SourceDate "2023.10.10"]
[SourceVersion "1"]
[SourceVersionDate "2023.10.10"]
[SourceQuality "1"]

1. d4 Nf6 2. c4 c5 3. d5 b5 4. cxb5 a6 5. b6 d6 6. Nc3 Nbd7 7. e4 Rb8 8. Be2 g6 9. Nf3 Bg7 10. Nd2 0-0 11. 0-0 Rxb6 12. Nc4 Rb4 13. a3 Rb8 14. Qc2 Ne8 15. Bg5 Ne5 16. Ne3 h6 17. Bh4 g5 18. Bg3 Qb6 19. Bxe5 dxe5 20. Na4 Qg6 21. Nxc5 Nd6 22. Bd3 Nb5 23. Bxb5 Rxb5 24. b4 h5 25. Rab1 g4 26. a4 Rb8 27. Rfd1 h4 28. Nc4 g3 29. fxg3 hxg3 30. hxg3 Bg4 31. Re1 Rbd8 32. a5 Rxd5 33. Nb6 Rd4 34. Qc3 Bh6 35. Rb2 Rfd8 36. Nd5 Kf8 37. Nb7 Rc8 38. Nc5 Bg5 39. Rc2 Qh6 40. Ne3 Bxe3+ 41. Rxe3 Rxb4 42. Re1 Rd4 43. Qb3 Kg7 44. Rf2 Qh5 45. Ref1 Rf8 46. Qb7 Qg5 47. Qxa6 Rd6 48. Qc4 Qh5 49. a6 Rh6 50. Rf5 Qh2+ 51. Kf2 Bh3 52. Rg1 Bxf5 53. exf5 Qh5 54. Qe4 Rf6 55. g4 Qg5 56. Rf1 e6 57. Nd7 exf5 58. Qxe5 fxg4+ 59. Qxf6+ Qxf6+ 60. Nxf6 Kxf6 61. a7 Ra8 62. Ra1 Kg5 63. Kg3 f6 64. Ra4 f5 65. Ra5 Kf6 66. Kf4 Kg6 67. Ra6+ Kg7 68. Kxf5 g3 69. Kg4 Kh7 70. Kxg3 Kg7 71. Kf4 Kf7 72. Ke5 1-0

[Event "Padova op-A 18th"]
[Site "Padova"]
[Date "2015.12.17"]
[Round "6.27"]
[White "Loiacono, Antonio"]
[Black "Quaranta, Cristiano"]
[Result "1/2-1/2"]
[WhiteElo "2010"]
[BlackElo "2112"]
[PlyCount "71"]
[EventDate "2015.12.13"]
[EventType "swiss"]
[EventRounds "9"]
[EventCountry "ITA"]
[SourceTitle "EXT 2024"]
[Source "ChessBase"]
[SourceDate "2023.10.10"]
[SourceVersion "1"]
[SourceVersionDate "2023.10.10"]
[SourceQuality "1"]

1. e4 c5 2. Nf3 e6 3. d4 cxd4 4. Nxd4 Nc6 5. Nc3 Qc7 6. Be2 Nf6 7. 0-0 a6 8. a4 Bb4 9. Nxc6 bxc6 10. Bd3 d5 11. Qf3 Bd6 12. h3 Bb7 13. Re1 0-0 14. Bg5 Nd7 15. Bf1 h6 16. Bd2 Ne5 17. Qd1 Ng6 18. g3 f5 19. exd5 e5 20. Bg2 e4 21. dxc6 Bxc6 22. Qh5 Be8 23. Qe2 Rb8 24. b3 Be5 25. Qc4+ Qxc4 26. bxc4 Rd8 27. Nd5 Bxa1 28. Rxa1 Bf7 29. Bb4 Rfe8 30. Bf1 Rb8 31. c3 Rb7 32. Ne3 Be6 33. c5 f4 34. Nc4 fxg3 35. fxg3 Bxc4 36. Bxc4+ 1/2-1/2

[Event "Chioggia op-A 10th"]
[Site "Chioggia"]
[Date "2015.10.09"]
[Round "1"]
[White "Quaranta, Cristiano"]
[Black "Zamengo, Bruno"]
[Result "1-0"]
[WhiteElo "2140"]
[BlackElo "1952"]
[PlyCount "71"]
[EventDate "2015.10.09"]
[EventType "swiss"]
[EventRounds "5"]
[EventCountry "ITA"]
[SourceTitle "EXT 2022"]
[Source "ChessBase"]
[SourceDate "2021.10.06"]
[SourceVersion "1"]
[SourceVersionDate "2021.10.06"]
[SourceQuality "1"]

1. e4 e6 2. d4 d5 3. Nc3 Nf6 4. Bg5 dxe4 5. Nxe4 Be7 6. Bxf6 gxf6 7. Nf3 b6 8. Bb5+ c6 9. Bd3 f5 10. Ng3 Bb7 11. Qd2 Nd7 12. 0-0-0 Qc7 13. Rhe1 0-0-0 14. Nxf5 Bf8 15. Ng3 c5 16. Be4 Bd6 17. Bxb7+ Kxb7 18. Kb1 Nf6 19. Qe2 h5 20. Ne4 Nxe4 21. Qxe4+ Kb8 22. dxc5 Qxc5 23. Nd4 Rc8 24. Re3 h4 25. Rc3 Qh5 26. f3 Rxc3 27. bxc3 Qc5 28. Nc6+ Kc7 29. Nb4 Qb5 30. a4 Qd7 31. Na6+ Kd8 32. Qa8+ Ke7 33. Qxh8 Qxa4 34. Nb4 a5 35. Qxh4+ Kd7 36. Qd4 1-0

[Event "Biella op 6th"]
[Site "Biella"]
[Date "2015.09.27"]
[Round "4"]
[White "Quaranta, Cristiano"]
[Black "Guerini, Silvia"]
[Result "0-1"]
[WhiteElo "2140"]
[BlackElo "1914"]
[PlyCount "120"]
[EventDate "2015.09.25"]
[EventType "swiss"]
[EventRounds "5"]
[EventCountry "ITA"]
[SourceTitle "EXT 2016"]
[Source "ChessBase"]
[SourceDate "2015.10.08"]
[SourceVersion "1"]
[SourceVersionDate "2015.10.08"]
[SourceQuality "1"]

1. Nf3 d5 2. c4 c6 3. b3 Nf6 4. Bb2 Bf5 5. d3 e6 6. Nbd2 Nbd7 7. g3 Bd6 8. Bg2 Qe7 9. a3 0-0 10. 0-0 e5 11. Nh4 Bg6 12. Nxg6 hxg6 13. Qc2 a5 14. e4 dxe4 15. Nxe4 Nxe4 16. Bxe4 f5 17. Bg2 f4 18. Qe2 Qf6 19. Bf3 Rae8 20. Qd2 Nc5 21. Qd1 Ne6 22. Be4 Bc5 23. Kg2 Qg5 24. Bc1 Nd4 25. f3 Kf7 26. b4 axb4 27. axb4 Bxb4 28. Rb1 c5 29. Bd5+ Kf6 30. Bd2 Ra8 31. Bxb4 Ra2+ 32. Bd2 fxg3 33. f4 exf4 34. Rb6+ Nc6 35. h3 Ke7 36. Qe2+ Kd8 37. Bxc6 Rxd2 38. Qxd2 f3+ 39. Bxf3 Qxd2+ 40. Kxg3 Rf5 41. Rd6+ Ke7 42. Rxg6 Qxd3 43. Kg2 Qd2+ 44. Rf2 Rg5+ 45. Rxg5 Qxg5+ 46. Bg4 Qg6 47. Re2+ Kd6 48. Kh2 Qf6 49. Rd2+ Ke5 50. Kg2 Qf4 51. Re2+ Kd4 52. Be6 Kd3 53. Bg4 Kxc4 54. Bf3 Kd3 55. Rf2 Qg5+ 56. Kf1 c4 57. Bxb7 c3 58. Ba6+ Kd4 59. Ke1 Qc1+ 60. Ke2 Qc2+ 0-1

[Event "Padova op-A 16th"]
[Site "Padova"]
[Date "2013.12.17"]
[Round "3.16"]
[White "Naumkin, Igor"]
[Black "Quaranta, Cristiano"]
[Result "1/2-1/2"]
[WhiteElo "2445"]
[BlackElo "2169"]
[PlyCount "33"]
[EventDate "2013.12.15"]
[EventType "swiss"]
[EventRounds "9"]
[EventCountry "ITA"]
[SourceTitle "EXT 2024"]
[Source "ChessBase"]
[SourceDate "2023.10.10"]
[SourceVersion "1"]
[SourceVersionDate "2023.10.10"]
[SourceQuality "1"]

1. d4 Nf6 2. Nf3 c5 3. d5 b5 4. c4 g6 5. cxb5 a6 6. b6 Qxb6 7. Nc3 d6 8. e4 Nbd7 9. h3 Bg7 10. Be2 0-0 11. 0-0 Ne8 12. Re1 Nc7 13. a4 Rb8 14. Ra3 Ne5 15. Nxe5 Bxe5 16. Bf1 e6 17. Bc4 1/2-1/2